Haschisch
Este libro recoge los escritos testimoniales del autor, que tienen por tema la embriaguez por drogas, así como protocolos de intentos, también con drogas en los que él tomó parte, constituyendo así un testimonio extraordinariamente sugestivo.
Guardat en:
| Autor principal: | |
|---|---|
| Format: | Llibre |
| Idioma: | Spanish |
| Publicat: |
Madrid:
Taurus Ediciones ,
1995
|
| Col·lecció: | Pensamiento
|
| Matèries: | |
| Accés en línia: | Enlace del recurso |
| Etiquetes: |
Afegir etiqueta
Sense etiquetes, Sigues el primer a etiquetar aquest registre!
|
MARC
| LEADER | 00000nam a2200000 a 4500 | ||
|---|---|---|---|
| 001 | 000502 | ||
| 008 | 021126s1995 ck ## fr# #000|0#spa#d | ||
| 020 | |a 84-306-0071-X | ||
| 041 | 0 | |a spa | |
| 043 | |a e-sp--- | ||
| 082 | 0 | 4 | |a 808.849356 |b B254h |
| 100 | 1 | |a Benjamin, Walter | |
| 245 | 1 | 0 | |a Haschisch |c Walter Benjamin |
| 260 | |a Madrid: |b Taurus Ediciones , |c 1995 | ||
| 300 | |a 172 p. | ||
| 440 | 0 | |a Pensamiento | |
| 520 | 3 | |a Este libro recoge los escritos testimoniales del autor, que tienen por tema la embriaguez por drogas, así como protocolos de intentos, también con drogas en los que él tomó parte, constituyendo así un testimonio extraordinariamente sugestivo. | |
| 650 | 1 | 4 | |a NARCÓTICOS EN LA LITERATURA |
| 650 | 1 | 4 | |a NARCÓTICOS |
| 999 | |c 2654 |d 2654 | ||
| 856 | |u https://catalogo.idep.edu.co/cgi-bin/koha/opac-detail.pl?biblionumber=2654 |z Enlace del recurso | ||